Meteorología o física del aire / (Record no. 10942)

MARC details
000 -LEADER
campo de control de longitud fija 00764nam a22002655i 4500
001 - NÚMERO DE CONTROL
campo de control 10942
003 - IDENTIFICADOR DE NÚMERO DE CONTROL
campo de control ES-MaACL
005 - FECHA Y HORA DE LA ÚLTIMA TRANSACCIÓN
campo de control 20250721145128.0
007 - CAMPO FIJO DE DESCRIPCIÓN FÍSICA--INFORMACIÓN GENERAL
campo de control de longitud fija t|
008 - DATOS DE LONGITUD FIJA--INFORMACIÓN GENERAL
campo de control de longitud fija 941114s1993 sp ||||0| spa j
020 ## - NÚMERO INTERNACIONAL ESTÁNDAR DEL LIBRO
Número Internacional Estándar del Libro 84-7754-141-8
040 ## - FUENTE DE CATALOGACIÓN
Centro catalogador/agencia de origen M-BN
Lengua de catalogación spa
Centro/agencia transcriptor M-BN
080 ## - NÚMERO DE LA CLASIFICACIÓN DECIMAL UNIVERSAL
Número de la Clasificación Decimal Universal 551.5
100 1# - ENTRADA PRINCIPAL--NOMBRE DE PERSONA
Nombre de persona Ballester Cruelles, Miguel.
9 (RLIN) 25012
245 10 - MENCIÓN DEL TÍTULO
Título Meteorología o física del aire /
Mención de responsabilidad, etc. Miguel Ballester Cruelles.
250 ## - MENCION DE EDICION
Mención de edición 1ª ed.
260 ## - PUBLICACIÓN, DISTRIBUCIÓN, ETC.
Lugar de publicación, distribución, etc. Madrid :
Nombre del editor, distribuidor, etc. EUDEMA,
Fecha de publicación, distribución, etc. 1993.
300 ## - DESCRIPCIÓN FÍSICA
Extensión 166 p ;
Dimensiones 21 cm.
490 1# - MENCIÓN DE SERIE
Mención de serie EUDEMA universidad. Textos de apoyo
500 ## - NOTA GENERAL
Nota general Indice.
650 17 - PUNTO DE ACCESO ADICIONAL DE MATERIA--TÉRMINO DE MATERIA
Término de materia o nombre geográfico como elemento de entrada Meteorología
Fuente del encabezamiento o término embne
9 (RLIN) 15017
830 0# - PUNTO DE ACCESO ADICIONAL DE SERIE-TÍTULO UNIFORME
Título uniforme EUDEMA universidad. Textos de apoyo
9 (RLIN) 178862
852 ## - LOCALIZACIÓN
Ubicación ES-MaACL
Número de control de estantería L-18274
Sublocalización o colección R.121848
Holdings
Estatus retirado Estado de pérdida Estado de daño No para préstamo Biblioteca de origen Biblioteca actual Ubicación en estantería Fecha de adquisición Fuente de adquisición Total de préstamos Signatura topográfica completa Código de barras Visto por última vez Precio de reemplazo Tipo de ítem Koha
        Biblioteca del Ateneo de Madrid Biblioteca del Ateneo de Madrid Depósito 2 17/01/2008     L-18274 1011160 23/02/2023 23/02/2023 Libro impreso